000
00301nam a22001337a 4500
082
_a
894.812
100
_a
KRISHNAN NAIR N, THOTTAYIL
245
_a
RAKTHARAKSHASSU
250
_a
THIRD
260
_a
THRISSUR
_b
H&C PUBLISHING HOUSE
_c
2008
300
_a
80
650
_a
SHORT STORY
_z
KERALA
942
_c
BK
999
_c
1423
_d
1423